Effect of mah modified carbon black prepared by solid state grafting in situ on the adhesion between nylon 66 cords and natural rubber and dynamic mechanical properties of the vulcanizates (Record no. 57946)

MARC details
000 -LEADER
fixed length control field 00630nam a2200181Ia 4500
100 ## - MAIN ENTRY--AUTHOR NAME
Personal name Jia Demin
245 #0 - TITLE STATEMENT
Title Effect of mah modified carbon black prepared by solid state grafting in situ on the adhesion between nylon 66 cords and natural rubber and dynamic mechanical properties of the vulcanizates
260 ## - PUBLICATION, DISTRIBUTION, ETC. (IMPRINT)
Name of publisher Rubber Chemistry and Technology
Year of publication 2002
300 ## - PHYSICAL DESCRIPTION
Number of Pages 669-681
650 ## - SUBJECT ADDED ENTRY--TOPICAL TERM
Topical Term Adhesion
650 ## - SUBJECT ADDED ENTRY--TOPICAL TERM
Topical Term Mah modified carbon black
650 ## - SUBJECT ADDED ENTRY--TOPICAL TERM
Topical Term Nylon 66 cords
650 ## - SUBJECT ADDED ENTRY--TOPICAL TERM
Topical Term Solid state grafting
650 ## - SUBJECT ADDED ENTRY--TOPICAL TERM
Topical Term Vulcanizates
700 ## - ADDED ENTRY--PERSONAL NAME
Personal name Zhang Xiliang
942 ## - ADDED ENTRY ELEMENTS (KOHA)
Koha item type Journals
Holdings
Withdrawn status Lost status Damaged status Not for loan Home library Current library Shelving location Date acquired Serial Enumeration / chronology Koha item type
      Journals RRII Library RRII Library Rubber chemistry 01/01/2021 Volume 75, Issue 4 Journals